| 000 | 01441nam a2200241Ia 4500 | ||
|---|---|---|---|
| 003 | Ost | ||
| 005 | 20260507075207.0 | ||
| 008 | 260507s9999||||xx |||||||||||||| ||und|| | ||
| 040 | _cfsecg | ||
| 041 | _aara | ||
| 082 | _a330 | ||
| 100 |
_aالسامرائي، عدنان هاشم _eمؤلف |
||
| 245 | 0 |
_aالإدارة المالية : _bالمدخل الكمي / _c عدنان هاشم السامرائي |
|
| 260 |
_aعمان: _bدار زهران, _c[دون تاريخ] |
||
| 300 |
_a385 صفحة؛ _bإيضاحات ؛ _c24 سم |
||
| 504 | _aمراجع ص.347 ؛الملاحق و الجداول ص.353 | ||
| 520 | _aالادارة المالية : المفهوم ، الاهمية و الوظائف ، الاصول المتداولة : مفهوم و ادارة ، الخصوم المتداولة : مفهوم و ادارة ، التحليل المالي : مفهوم و مؤشرات ، الادوات التحليلية ، الميزانيات التقديرية : مفهوم و اهمية ، التنبؤ و الانواع، القوائم المالية التقديرية ، التخطيط المالي و هيكل التمويل ، تمويل المشروع ، التخطيط الاستثماري ، الانفاق الاستثماري . | ||
| 653 | _aالادارة المالية | ||
| 653 | _aالإستثمار | ||
| 653 | _aالتحليل المالي | ||
| 653 | _aالتخطيط المالي | ||
| 942 | _cكتاب | ||
| 999 |
_c43437 _d43437 |
||